000 01534nam a2200349 c 4500
999 _c191514
_d191514
003 BLK
005 20240321130132.0
008 180411b bul|||||r ||||||| ||bul||
010 _aKNG00200673000
040 _aBLK
041 _aBUL
_cBUL
072 7 _2bullib
_aА
_xФонд Михаил Арнаудов
080 _aБългарска литература
_b821.163.2
_x-193.3
_z821.163.2-193.3
100 _aВеличков, Константин
_gписател и общественик
_d1855 - 1907
_qПетков, Константин Величков
_9256726
139 _aВеличков, Константин
_bВ 42
245 1 0 _aЦариградски сонети
_cКонстантин Величков; худож. Димитър Куманов.
257 _aBGR
260 _bОтец Паисий
_c1938
_fСофия : Братски труд
300 _a98 с.
_c19 см
380 _aX
490 _9396381
_aЧастна колекция - Академик Михаил Арнаудов
_gДарение - Основен фонд
500 _aПълното име на авт. е Константин Величков Петров. - Мека подв., неразрязана
659 _aА
700 1 _aКуманов, Димитър
_eхудож.
_9345529
852 _aМА 2209
856 4 _qpdf
856 4 _qpdf
942 _cKNG
_n0
_s1
944 _aCR
_c13.02.2017
_k30545
_lНора Радева
944 _aED
_c13.02.2017
_kГеновева_Генчева
999 _d191514